00332 a2200133 4500260001300000260002400013250001700037245007800054650001900132100001800151260000900169300001100178035000900189 aNew York bLippincott Williams a4ème éd. aPhysical medicine and rehabilitation : principles and practique, volume 1 aKINESITHERAPIE aDelisa, J. A. c2004 a980 p. a9467